• AIU
  • Tony Wilmot Memorial Library

Ọ'dọ̃ yãkóbõ pi drí esawu trõ (Record no. 64522)

MARC details
000 -LEADER
fixed length control field 00273nam a2200109 4500
082 0# - DEWEY DECIMAL CLASSIFICATION NUMBER
Classification number 222.11
242 00 - TRANSLATION OF TITLE BY CATALOGING AGENCY
Remainder of title The story of Jacob and Esau
245 11 - TITLE STATEMENT
Title Ọ'dọ̃ yãkóbõ pi drí esawu trõ
260 ## - PUBLICATION, DISTRIBUTION, ETC. (IMPRINT)
Name of publisher, distributor, etc Madi Literacy Committee
Date of publication, distribution, etc c.1998
300 ## - PHYSICAL DESCRIPTION
Extent 19 p.
942 ## - ADDED ENTRY ELEMENTS (KOHA)
Source of classification or shelving scheme
Koha item type Books

No items available.